Resistencia de materiales

में बचाया:
ग्रंथसूची विवरण
मुख्य लेखक: Timoshenko, Stephen, n.1878-1972
अन्य लेखक: Delgado Pérez de Alba, Tomás Traductor
स्वरूप: पुस्तक
भाषा:Spanish
प्रकाशित: Madrid : Espasa-Calpe, 1970
विषय:
टैग: टैग जोड़ें
कोई टैग नहीं, इस रिकॉर्ड को टैग करने वाले पहले व्यक्ति बनें!

MARC

LEADER 00000nam a2200000Ia 4500
003 000184
005 20221231143936.0
008 140114s1970 sp a 000 ||spa d
040 |c cru CEDI 
082 |a 620.11 T585r 
100 |a Timoshenko, Stephen, n.1878-1972  |9 19621 
245 |a Resistencia de materiales 
260 |a  Madrid : Espasa-Calpe,   |c 1970 
300 |a 2 volúmenes : ilustraciones ; 23 cm 
500 |a Contenido.- T. I. Teoría elemental y problemas.- T. II. Teoría y problemas mas complejos. 
650 |x RESISTENCIA DE MATERIALES   |9 19625 
700 |a Delgado Pérez de Alba, Tomás   |d Traductor  |9 19626 
942 |2 ddc  |c BK 
999 |c 14556  |d 14556